| 000 | 01609nam a22003857a 4500 | ||
|---|---|---|---|
| 001 | 03600 | ||
| 003 | HDC | ||
| 007 | cr bn ---aaaaa | ||
| 008 | 210111t2016 flu||||| |||| 00| 0 eng | ||
| 020 | _a1-56670-563-0 | ||
| 040 | _aHDC | ||
| 100 |
_aAhuja, Lajpat R. _eauthor _93110 |
||
| 245 | 0 |
_aAgricultural System Models In Field Research And Technology Transfer. Chapter 13 : _bTopographic Analysis, Scaling, and Models to Evaluate Spatial/Temporal Variability of Landscape Processes and Management / by _cLajpat R. Ahuja, Timothy R. Green, Robert H. Erskine, Liwang Ma, James C. Ascough II, Gale H. Dunn, Marvin J. Shaffer, and Ana Martinez |
|
| 260 |
_a Boca Raton, Florida: _bCRC Press, _c2016 |
||
| 300 | _a8 pages | ||
| 336 |
_atext _2rdacontent |
||
| 337 |
_acomputer _2rdamedia |
||
| 338 |
_aonline resource _2rdacarrier |
||
| 500 | _aIncludes bibliographical references | ||
| 650 |
_aAgricultural System _93107 |
||
| 650 |
_aEvaluate Spatial _93185 |
||
| 650 |
_aLandscape Processes _93186 |
||
| 650 |
_aTopographic Analysis _93184 |
||
| 700 |
_a Liwang,Ma _eauthor _93111 |
||
| 700 |
_aAscough II, James C. _eauthor _93189 |
||
| 700 |
_aDunn, Gale H. _eauthor _93190 |
||
| 700 |
_aErskine, Robert H. _eauthor _93188 |
||
| 700 |
_aGreen, Tomothy R. _eauthor _93187 |
||
| 700 |
_aMartinez, Ana _eauthor _93192 |
||
| 700 |
_aShaffer, Marvin J. _eauthor _93191 |
||
| 856 | _zRequest full-text at [email protected] | ||
| 942 | _2lcc | ||
| 942 | _cCHAP | ||
| 942 | _kEBCH 001632 | ||
| 999 |
_c936 _d936 |
||